Biggest Metro Area, Biggest City, and Capital by State - Statistics

General Stats
  • This quiz has been taken 1,235 times
  • The average score is 132 of 150
Answer Stats
State Category Answer % Correct
California Biggest Metro Los Angeles
98%
California Biggest City Los Angeles
98%
Arizona Biggest Metro Phoenix
98%
Arizona Biggest City Phoenix
98%
Arizona Capital Phoenix
98%
Georgia Biggest Metro Atlanta
97%
Georgia Biggest City Atlanta
97%
Georgia Capital Atlanta
97%
Massachusetts Biggest Metro Boston
97%
Massachusetts Biggest City Boston
97%
Massachusetts Capital Boston
97%
New Hampshire Biggest Metro Boston
97%
Illinois Biggest Metro Chicago
97%
Illinois Biggest City Chicago
97%
Colorado Biggest Metro Denver
97%
Colorado Biggest City Denver
97%
Colorado Capital Denver
97%
Hawaii Biggest Metro Honolulu
97%
Hawaii Biggest City Honolulu
97%
Hawaii Capital Honolulu
97%
Florida Biggest Metro Miami
97%
New York Biggest City New York
97%
California Capital Sacramento
97%
Indiana Biggest Metro Indianapolis
96%
Indiana Biggest City Indianapolis
96%
Indiana Capital Indianapolis
96%
Mississippi Biggest Metro Jackson
96%
Mississippi Biggest City Jackson
96%
Mississippi Capital Jackson
96%
Kansas Biggest Metro Kansas City
96%
Missouri Biggest City Kansas City
96%
Nevada Biggest Metro Las Vegas
96%
Nevada Biggest City Las Vegas
96%
New Jersey Biggest Metro New York-Newark-Jersey City
96%
Texas Capital Austin
95%
Texas Biggest Metro Dallas-Fort Worth
95%
Michigan Biggest Metro Detroit
95%
Michigan Biggest City Detroit
95%
Texas Biggest City Houston
95%
Louisiana Biggest Metro New Orleans
95%
Louisiana Biggest City New Orleans
95%
Oklahoma Biggest Metro Oklahoma City
95%
Oklahoma Biggest City Oklahoma City
95%
Oklahoma Capital Oklahoma City
95%
Pennsylvania Biggest City Philadelphia
95%
Maine Biggest Metro Portland
95%
Maine Biggest City Portland
95%
Oregon Biggest Metro Portland
95%
Oregon Biggest City Portland
95%
Utah Biggest Metro Salt Lake City
95%
Utah Biggest City Salt Lake City
95%
Utah Capital Salt Lake City
95%
Alaska Biggest Metro Anchorage
94%
Alaska Biggest City Anchorage
94%
Minnesota Biggest City Minneapolis
94%
Minnesota Biggest Metro Minneapolis-St. Paul
94%
Tennessee Biggest Metro Nashville
94%
Tennessee Biggest City Nashville
94%
Tennessee Capital Nashville
94%
Washington Biggest Metro Seattle
94%
Washington Biggest City Seattle
94%
New York Capital Albany
93%
Ohio Biggest Metro Columbus
93%
Ohio Biggest City Columbus
93%
Ohio Capital Columbus
93%
Florida Biggest City Jacksonville
93%
Idaho Biggest Metro Boise
92%
Idaho Biggest City Boise
92%
Idaho Capital Boise
92%
North Carolina Biggest Metro Charlotte
92%
North Carolina Biggest City Charlotte
92%
Florida Capital Tallahassee
92%
New Mexico Biggest Metro Albuquerque
91%
New Mexico Biggest City Albuquerque
91%
Maryland Biggest Metro Baltimore
91%
Maryland Biggest City Baltimore
91%
Alaska Capital Juneau
91%
Louisiana Capital Baton Rouge
90%
Iowa Biggest Metro Des Moines
90%
Iowa Biggest City Des Moines
90%
Iowa Capital Des Moines
90%
Arkansas Biggest Metro Little Rock
90%
Arkansas Biggest City Little Rock
90%
Arkansas Capital Little Rock
90%
Delaware Biggest Metro Philadelphia-Camden-Wilmington
90%
Missouri Biggest Metro St. Louis
90%
New York Biggest Metro New York-Newark-Jersey City
89%
Kentucky Biggest Metro Louisville
88%
Kentucky Biggest City Louisville
88%
Wisconsin Biggest Metro Milwaukee
88%
Wisconsin Biggest City Milwaukee
88%
Rhode Island Biggest Metro Providence
88%
Rhode Island Biggest City Providence
88%
Rhode Island Capital Providence
88%
North Carolina Capital Raleigh
88%
Illinois Capital Springfield
88%
Nebraska Biggest Metro Omaha
87%
Nebraska Biggest City Omaha
87%
Minnesota Capital St. Paul
87%
Alabama Biggest Metro Birmingham
86%
South Carolina Biggest City Charleston
86%
West Virginia Biggest Metro Charleston
86%
West Virginia Biggest City Charleston
86%
West Virginia Capital Charleston
86%
Connecticut Biggest Metro Hartford
86%
Connecticut Capital Hartford
86%
Virginia Capital Richmond
86%
New Jersey Biggest City Newark
85%
Pennsylvania Biggest Metro Philadelphia-Camden-Wilmington
85%
New Mexico Capital Santa Fe
85%
Alabama Capital Montgomery
84%
Nevada Capital Carson City
83%
Nebraska Capital Lincoln
83%
Oregon Capital Salem
82%
Wyoming Biggest Metro Cheyenne
81%
Wyoming Biggest City Cheyenne
81%
Wyoming Capital Cheyenne
81%
Delaware Capital Dover
81%
Washington Capital Olympia
81%
Virginia Biggest Metro Washington-Arlington-Alexandria
81%
Pennsylvania Capital Harrisburg
80%
Montana Capital Helena
80%
Wisconsin Capital Madison
80%
Michigan Capital Lansing
79%
New Jersey Capital Trenton
79%
Maine Capital Augusta
78%
North Dakota Capital Bismarck
78%
South Carolina Capital Columbia
78%
Kansas Capital Topeka
78%
Maryland Capital Annapolis
77%
Virginia Biggest City Virginia Beach
77%
Kansas Biggest City Wichita
77%
Kentucky Capital Frankfort
76%
North Dakota Biggest Metro Fargo
74%
North Dakota Biggest City Fargo
74%
South Dakota Capital Pierre
74%
Vermont Capital Montpelier
73%
South Dakota Biggest Metro Sioux Falls
73%
South Dakota Biggest City Sioux Falls
73%
Missouri Capital Jefferson City
72%
New Hampshire Capital Concord
71%
Montana Biggest Metro Billings
70%
Montana Biggest City Billings
70%
Delaware Biggest City Wilmington
70%
Vermont Biggest Metro Burlington
59%
Vermont Biggest City Burlington
59%
New Hampshire Biggest City Manchester
58%
Alabama Biggest City Huntsville
56%
Connecticut Biggest City Bridgeport
54%
South Carolina Biggest Metro Greenville
35%
No matching quizzes found
Score Distribution
Percent of People with Each Score
Percentile by Number Answered
Your Score History
You have not taken this quiz